000 00646nam a2200193Ii 4500
003 JO-AjNU
008 230605s9999||||xx |||||||||||||| ||und||
040 _aJO-AjNU
_bara
_erda
_cJO-AjNU
041 _aara
050 1 4 _aDS385.J2 W2412 1988
100 3 _aولبرت، ستانلي؛ ترجمة زكار، سهيل,
_eauthor
_910160
245 0 0 _aمحمد علي جناح مؤسس الباكستان
264 3 1 _aدمشق: دار قتيبة، 1988
300 _a508ص
336 _atext
_btxt
_2rdacontent
337 _aunmediated
_bn
_2rdamedia
338 _avolume
_bnc
_2rdacarrier
650 4 _aمحمدعلي-باكستان-تاريخ
_910161
999 _aA1666
_c5234
_d5234